00787nam a2200229 i 4500001000700000003000900007005001700016007000300033008004100036080001500077100002900092245010900121260003600230300002100266490002100287500008300308500005900391700003100450700002000481830002100501852003500522125212ES-MaACL20230906192559.0t|070507s1930 sp ||||1| spa d a86-221"19"1 aLópez de Haro, Rafael.10aK-29 b: comedia en tres actos / cRafael López de Haro y Emilio Gómez de Miguel ; dibujos de Merlo. aMadrid : bRivadeneyra, c1930. a63 p. ; c17 cm.1 aLa Farsa ; v163 aEstrenada en el Teatro Pavón, de Madrid, la noche del 10 de octubre de 1930. aCubierta de este número: Raimunda de Gaspar en K-29.1 aGómez de Miguel, Emilio.1 aMerlo, Antonio.0 aLa Farsa ; v163 aES-MaACLj2222-F-15 bR.140732